Studies in the social background of the forms of marriage in ancient India. vol 2 (Record no. 212975)

MARC details
000 -LEADER
fixed length control field 00448nam a2200157Ia 4500
008 - FIXED-LENGTH DATA ELEMENTS--GENERAL INFORMATION
fixed length control field 230917s9999||||xx |||||||||||||| ||und||
020 ## - ISBN
Price RS55
040 ## - CATALOGING SOURCE
-- 48929
Original cataloging agency VIVEKANANDA LIBRARY
041 ## - Language
-- English
082 ## - DDC NUMBER
Classification number 954.01 C392S
100 ## - MAIN ENTRY--PERSONAL NAME
Personal name Chatterjee, Heramba
245 #0 - TITLE STATEMENT
Title Studies in the social background of the forms of marriage in ancient India. vol 2
260 ## - PUBLICATION, DISTRIBUTION, ETC. (IMPRINT)
Place of publication, distribution, etc Calcutta
Name of publisher, distributor, etc Sanskrit Pustak Bhandar
Date of publication, distribution, etc 1974
300 ## - PHYSICAL DESCRIPTION
Pages 370-623 p.
942 ## - ADDED ENTRY ELEMENTS (KOHA)
Koha item type Books
Holdings
Withdrawn status Lost status Damaged status Not for loan Location (home branch) Sublocation or collection (holding branch) Date acquired Koha issues (times borrowed) Koha full call number Accession No. Koha date last seen Koha item type
        VIVEKANANDA LIBRARY VIVEKANANDA LIBRARY 04/12/2002   954.01 C392S 76306 17/09/2023 Books
© Designed and Maintained by Vivekananda Library, MDU Rohtak